| 000 | 00661nam a2200229Ia 4500 | ||
|---|---|---|---|
| 003 | OSt | ||
| 005 | 20220926033904.0 | ||
| 006 | a|||||r|||| 00| 0 | ||
| 007 | ta | ||
| 008 | 220923b |||||||| |||| 00| 0 eng d | ||
| 037 | _cGeneral Book | ||
| 040 |
_aRTL _cRTL _beng |
||
| 041 |
_2eng _aeng |
||
| 082 | _aV2:51y7N02, L5 | ||
| 100 | _aJayaprakash Narayan | ||
| 245 | 0 | _aNational building in India Ed by Brahmanand | |
| 260 |
_aVaranasi _bNavachetna Prakashan India _c1975 |
||
| 300 |
_a430p. _ccm. |
||
| 650 | _aStruggle for Independence | ||
| 942 |
_hV2:51y7N02, L5 _cGB _2CC |
||
| 999 |
_c658195 _d658195 |
||